000 00344nam a2200145Ia 4500
008 221030s9999 xx 000 0 und d
041 _aEnglish
082 _a105.23
100 _aVivek Jandial/369
245 0 _aThyristorised Power Controller
_cAshim Khajuria/332
250 _a2004
260 _aJammu
_c2004
650 _aEE
942 _cTH
999 _c6188
_d6188